|
|
|
|
| LEADER |
00000cam a2200000 7i4500 |
| 001 |
0000081179 |
| 005 |
20181020.0 |
| 008 |
181020 |
| 020 |
|
|
|a 9789836240705
|
| 020 |
|
|
|a 9836240705
|
| 090 |
0 |
0 |
|a 499.235
|b NIK
|
| 100 |
0 |
|
|a Nik Safiah Karim
|
| 245 |
0 |
0 |
|a Malay Grammar for Academics and professionals :
|b Malay Language-Grammar, Malay Language- Syntax, Malay Language- Morphology, Malay Language- Standardization
|c Nik Safiah Karim
|
| 260 |
|
|
|a Selangor :
|b Citra Publishing ,
|c 1995
|
| 999 |
|
|
|a 0000771731
|b Book
|c Adult Collection
|e Cawangan Bandar Penawar
|
| 999 |
|
|
|a 0000771732
|b Book
|c Adult Collection
|e Cawangan Bandar Penawar
|
| 999 |
|
|
|a 0000771733
|b Book
|c Adult Collection
|e Cawangan Bandar Penawar
|
| 999 |
|
|
|a 0000771734
|b Book
|c Adult Collection
|e Cawangan Bandar Penawar
|
| 999 |
|
|
|a 0000771735
|b Book
|c Adult Collection
|e Cawangan Bandar Penawar
|
| 999 |
|
|
|a 0000887215
|b Book
|c Adult Collection
|e Cawangan Bandar Penawar
|
| 999 |
|
|
|a 000887216
|b Book
|c Adult Collection
|e Cawangan Batu Pahat
|